| 000 | 01170nam2a2200301 4500 | ||
|---|---|---|---|
| 001 | RU\NLR\DIGIT\519857 | ||
| 005 | 20250806204411.0 | ||
| 035 | _a(NLR Aleph) 010429103 | ||
| 090 |
_a49475 _c49475 |
||
| 100 | _a20250806 rusy50 | ||
| 102 | _aRU | ||
| 110 | _acya|||||||| | ||
| 135 | _acrgn 008apada | ||
| 200 | 1 | _a1942, №49 (5 дек.) | |
| 210 | _d1942 | ||
| 325 | _aКопия доступна в Электрон. б-ке РНБ http://vivaldi.nlr.ru/pn000124008/view | ||
| 461 | 0 |
_1001RU\NLR\DIGIT\519680 _12001#$aСталинская трибуна$v1942, №49 (5 дек.) |
|
| 801 | 2 |
_aRU _bNLR _c20140520 _2rusmarc |
|
| 852 |
_aNLR _bН _jР-11120 |
||
| 856 | 0 | _uhttp://vivaldi.nlr.ru/pn000124008/view | |
| 856 | 1 | _uhttp://vivaldi.nlr.ru/pn000124008/cover | |
| 856 | 2 | _uhttp://vivaldi.nlr.ru/pn000124008/text | |
| 942 | _cISSNP | ||
| 945 | _aРоссийская национальная библиотека | ||
| 980 | _aNB | ||
| 980 | _aBV | ||
| 981 | 2 | 3 |
_a(23) Национальные литературы _b(23) Периодические издания на национальных языках |